Governors discuss EMS crisis, global outlook, reforms in former socialist economies.

Správa o rokovaní členov Riadiacej rady MMF a Svetovej banky na výročnej schôdzi vo Washingtone v septembri 1992. Stanoviská sa týkajú krízy Európskeho menového systému a dôsledkov pre ďalší postup, možností aktivácie svetovej ekonomiky, plnenie cieľov reforiem vo Východnej Európe, organizácie pomoc...

Descrizione completa

Salvato in:
Dettagli Bibliografici
Natura: Capitolo di libro
Lingua:inglese
Soggetti:
Tags: Aggiungi Tag
Nessun Tag, puoi essere il primo ad aggiungerne!!

MARC

LEADER 00000naa a2200000 4500
001 r011099
005 20220913122325.7
041 0 |a eng 
044 |a US 
245 1 0 |a Governors discuss EMS crisis, global outlook, reforms in former socialist economies. 
520 |a Správa o rokovaní členov Riadiacej rady MMF a Svetovej banky na výročnej schôdzi vo Washingtone v septembri 1992. Stanoviská sa týkajú krízy Európskeho menového systému a dôsledkov pre ďalší postup, možností aktivácie svetovej ekonomiky, plnenie cieľov reforiem vo Východnej Európe, organizácie pomoci a operácií MMF a Svetovej banky, toku zdrojov do rozvojových krajín a formulácie ich politiky, obchodných otázok a životného prostredia. 
610 2 0 |a Medzinárodný menový fond 
610 2 0 |a IBRD 
610 2 0 |a 1992 
610 2 0 |a Európsky menový systém 
610 2 0 |a hospodárstvo svetové 
610 2 0 |a reformy hospodárske 
610 2 0 |a východná Európa 
610 2 0 |a pomoc finančná 
610 2 0 |a krajiny rozvojové 
610 2 0 |a obchod zahraničný 
610 2 0 |a prostredie životné